| 000 | 01066nam a2200265 i 4500 | ||
|---|---|---|---|
| 001 | 173466 | ||
| 003 | ES-MaACL | ||
| 005 | 20230906215240.0 | ||
| 008 | 091202r19711936pr h |||| | spa d | ||
| 080 | _a929 Colón, Cristóbal | ||
| 080 | _a972.95"1493/1511" | ||
| 100 | 1 |
_aGonzález Ginorio, José. _9146705 |
|
| 245 | 1 | 3 |
_aEl descubrimiento de Puerto Rico / _cJosé González Ginorio. |
| 250 | _a2ª ed. | ||
| 260 |
_aSan Juan de Puerto Rico : _bBorinquen, _c1971. |
||
| 300 |
_aXXI, 328 p. ; _c26 cm. |
||
| 501 | _aAdemás con port. propia: Suplemento bibliográfico (texto original florentino y la versión española completa, con notas críticas, de la carta Simone dal Verde, documento del año 1494), 65 p., 1 h. | ||
| 534 |
_pEd. facs. de la ed. de: _cSan Juan, Puerto Rico, 1936. |
||
| 600 | 1 | 4 |
_aColón, Cristóbal. _939869 |
| 651 | 4 |
_aPuerto Rico- _xHistoria- _y1493-1511, Descubrimiento y conquista. _9163440 |
|
| 655 | 7 |
_2tgfbne _9226495 _aFacsímiles |
|
| 852 |
_aES-MaACL _jC-56957 |
||
| 942 | _2udc | ||
| 999 |
_c173466 _d173466 |
||